00948 a2200193 45000010006000000050017000060080041000230030015000640400040000790800039001192450024001580200018001822640035002003000019002355050367002541000018006217000016006398560099006554733220260407155741.0260407a2001 arg spa dAR-UNSa-BCEJYS aAR-UNSa-BCEJYSbspacAR-UNSa-BCEJYS a330.342.14xEconomía capitalista10awww.capitalismo.net a950-12-6521-8 1aBuenos Aires :bPaidósc2001 a231 p.c21 cm. a1. Concordancia de los tiempos - 2. El capitalismo patrimonial - 3. La nueva "Santísima Trinidad" - 4. La nueva economía: ¿mito o realidad? - 5. ¿Dictadura de los mercados o democracia capitalista? - 6. Capital y trabajo: ayer enemigos, ¿aliados mañana? - 7. ¿Economía de mercado o sociedad de mercado? - 8. ¿Modelo único o pluralidad de modelos?.1 aBixio, Alcira1 aMinc, Alain41uhttps://www.biblioeco.unsa.edu.ar/pmb/images/libros/L127477.jpgyImagen de portadaqimage/jpeg